| 000 | 00569nam a2200205Ia 4500 | ||
|---|---|---|---|
| 003 | OSt | ||
| 005 | 20230415085434.0 | ||
| 008 | 210423s2008 xx 000 0 und d | ||
| 020 | _a9780521735858 | ||
| 040 | _cAL | ||
| 041 | _aeng | ||
| 082 |
_a372.6044 _223 _bMCKP |
||
| 100 |
_aMcKAY (Penny);GUSE (Jenni). _988573 |
||
| 245 | _aFive minute activities for young learners. | ||
| 260 |
_aNew Delhi _bCambridge University Press _c2008 |
||
| 300 |
_aix,155 _bPB |
||
| 365 |
_b195 _cINR |
||
| 906 | _aactivities ; Five ; learners. ; minute ; young | ||
| 942 |
_2ddc _cBK |
||
| 999 |
_c157486 _d157486 |
||